Escritos Políticos (Registo nº 199181)

Detalhes MARC
000 -Etiqueta do registo
Valores 00601nam 22002053 4500
100 ## - Dados gerais de processamento
Dados gerais 20251120d u||y0pory50 ba
101 ## - Língua de publicação
Língua Português
102 ## - País de publicação
País Portugal
200 ## - Titulo e menção de responsabilidade
Título próprio Escritos Políticos
Primeira menção de responsabilidade Mário Soares
205 ## - Menção da edição
Edição
210 ## - Publicação
Local de publicação Lisboa
Nome do editor Editorial Inquérito
Data de publicação 1969
215 ## - Descrição física 
Paginação / Volumes 242, [6] p.
Outras indicações físicas Brochado
Dimensões 19 cm
606 ## - Nome comum usado como assunto
ID Autoridade 4713
Palavra de ordem Ciências Sociais Política
675 ## - CDU
Notação 321.6(469)/SOA/ESC
Edição PT
Língua por
700 ## - Autor principal (pessoa individual)
ID Autoridade 11569
Apelido Soares
Nome Mário Alberto Nobre Lopes
Datas 1924 - 2017
801 ## - Fonte de origem
País PT
Agência BMMN
Regras de catalogação RPC
830 ## - Notas gerais do catalogador
Criado por Carlos Pinto
Data de criação 20-11-2025
Indexado por Carlos Pinto
990 ## - Elementos KOHA
Tipo de documento Livro
Exemplares
Situação do levantamento Biblioteca de origem Código de barras Cota Permissão de empréstimo Tipo de documento Forma de aquisição
  Escola Secundária de Montemor-o-Novo 27947 321.6(469)/SOA/ESC   Livro Compra

Powered by Koha